• 首页
  • 本馆介绍
  • 公告通知
  • 最新文献
  • 馆藏检索
  • 电子资源
  • 读者导购
  • 参考咨询
  • 我的图书馆
  • 登录
  • 详细信息显示
  • 放入我的书架
  • 预约/预借图书
  • 作者相关作品
  • 分类相关作品
  • 丛书相关作品
  • 出版社相关作品

书目信息

  • 表格格式
  • 工作单格式
  • 卡片格式
题名:
脊柱畸形精要
    
 
作者: 赫里 , 艾伯特 主编 ;李明 主译
分册:  
出版信息: 上海   上海科学技术出版社  2009.03
页数: 301页
开本: 29cm
丛书名:
单 册:
中图分类: R682.3
科图分类:
主题词: 脊柱畸形 , 脊柱畸形--诊疗
电子资源:
ISBN: 978-7-5323-9753-2
000 01167nam0 2200313 450
001 004155774
005 20090610150120.0
010    @a978-7-5323-9753-2@b精装@dCNY120.00
090    @aR682@bhea
096    @aR682@bhea
100    @a20090521d2009 em y0chiy50 ea
101 1  @achi@ceng
102    @aCN@b310000
105    @aa z 000yy
200 1  @a脊柱畸形精要@9ji zhu ji xing jing yao@b专著@dSpinal deformities:the essentials@fRobert F. Heary,Todd J. Albert主编@g李明[等]主译@zeng
210    @a上海@c上海科学技术出版社@d2009.03
215    @a301页@c图@d29cm
330    @a本书内容主要分为两大块,:脊柱畸形的基本理论以及治疗精要,阐述了脊柱畸形的病因、发病机制、影像学特点及其临床表现和鉴别诊断,以及非手术治疗方法和手术治疗方法的选择。
510 1  @aSpinal deformities:the essentials@zeng
606 0  @a脊柱畸形
606 0  @a脊柱畸形@x诊疗
690    @aR682.3@v5
701  0 @c(美)@a赫里@c(Heary Robert F.)@4主编@9he li
701  0 @c( )@a艾伯特@c(Albert, Todd J.)@4主编@9ai bo te
702  0 @a李明@c(骨科学,@f1964~)@9li ming@4主译
801  0 @aCN@b110120@c20090414
905    @aBZT@dR682.3@e1
906    @dCNY120.00@n0@r1
SYS    @004155774
    
    脊柱畸形精要=Spinal deformities:the essentials/Robert F. Heary,Todd J. Albert主编/李明[等]主译.-上海:上海科学技术出版社,2009.03
    301页:图;29cm
    
    
    ISBN 978-7-5323-9753-2(精装):CNY120.00
    本书内容主要分为两大块,:脊柱畸形的基本理论以及治疗精要,阐述了脊柱畸形的病因、发病机制、影像学特点及其临床表现和鉴别诊断,以及非手术治疗方法和手术治疗方法的选择。
●
相关链接 在五车中查询图书 在当当中查询图书 在豆瓣中查询图书


正题名:脊柱畸形精要     索取号:R682.3/1         预约/预借

序号 登录号 条形码 馆藏地/架位号 状态 备注
1 756323   2000756323   样本书库/样003架B面1层2列/ [索取号:R682.3/1] 在馆    
2 756324   2000756324   中心书库中库/ 中库011架B面7列7层9/ [索取号:R682.3/1] 在馆    
3 756325   2000756325   中心书库中库/ 中库011架B面7列7层10/ [索取号:R682.3/1] 在馆    
4 756326   2000756326   中心书库中库/ 中库011架B面7列7层8/ [索取号:R682.3/1] 在馆    
5 756327   2000756327   中心书库中库/ 中库011架B面7列7层7/ [索取号:R682.3/1] 在馆    
6 756328   2000756328   中心书库中库/ 中库011架B面7列7层6/ [索取号:R682.3/1] 在馆    
山东省滨州职业学院图书馆 欢迎您!
大连网信软件有限公司© 版权所有